Frases de Star Wars - Estadísticas

Estadísticas generales
  • Esta prueba ha sido intentada 1.006 veces
  • La puntuación promedio es 7 de 15
Estadísticas de respuestas
Frase Personaje % Correcto
El miedo es el camino hacia el Lado Oscuro, el miedo lleva a la ira, la ira lleva al odio, el odio lleva al sufrimiento. Veo mucho miedo en ti. Yoda
94%
Algún día seré el Jedi más poderoso de todos los tiempos. Anakin Skywalker
80%
La fuerza es poderosa en mi familia, mi padre la tenía, mi hermana la tiene, yo la tengo. Luke Skywalker
79%
He recorrido esta galaxia de un extremo a otro, he visto cosas muy raras, pero nunca vi nada que me impulsara a creer que haya una única fuerza poderosa que lo controla todo. Han Solo
63%
Impresionante… ¡Muy impresionante! Controlas tu miedo, Obi-Wan te ha instruido bien. Darth Vader
60%
A veces no comprendo el comportamiento humano. Sólo intento hacer mi trabajo de la forma mas eficiente. C-3PO
56%
No importa cuánto hayamos peleado. Siempre he odiado verte partir. Princesa Leia
48%
¿Quién es más loco: el loco o el loco que sigue al loco? Obi-Wan Kenobi
43%
Si uno quiere saber el gran misterio de la fuerza, la debe estudiar desde todos sus lados. Sheev Palpatine
37%
Concéntrate en el momento. Siente, no pienses, usa tu instinto. Qui-Gon Jinn
32%
Muéstrame otra vez el poder de la oscuridad… Y nada se interpondrá en tu camino. Kylo Ren
27%
Los mentores suelen ver nuestros errores más de lo que desearíamos. Así es como se madura. Padmé Amidala
21%
¡Somos la chispa que va a encender la llama que quemará a la Primera Orden! Poe Dameron
18%
No puedes detener los cambios, como no puedes detener la puesta de los soles. Shmi Skywalker
8%
Así es cómo se gana una guerra. No luchando contra lo que odias, sino salvando lo que amas. Rose Tico
7%
No se encontraron pruebas coincidentes
Distribución de puntuación
Porcentaje de gente con cada puntuación
Porcentaje por número respondido
Historial de tus puntuaciones
No has intentado esta prueba.